000
00230nam a2200097Ia 4500
008
220204s9999 xx 000 0 und d
082
_a
82-34
_b
GRI
245
0
_a
Grimm's fairy tales
260
_a
New York
_b
Airmont
_c
1968
942
_c
BK
999
_c
33826
_d
33826